H.G. Wells's : the war of the worlds

Bibliographic Details
Main Author: Miller
Other Authors: Brevard
Format: Book
Published: Subang Jaya : Bright Publications Sdn Bhd , 2020
Series:Magnificent graphic novels
Subjects:

MARC

LEADER 00000cam a2200000 7i4500
001 0000278248
005 20200914112644.0
020 |a 9789672260172 
090 0 0 |a JF   |b MIL 
100 1 |a Miller 
245 1 0 |a H.G. Wells's :   |b the war of the worlds   |c by Miller & Brevard 
260 |a Subang Jaya :   |b Bright Publications Sdn Bhd ,   |c 2020 
300 |a 69p. :   |b ill. ;   |c 23cm. 
490 0 |a Magnificent graphic novels 
650 0 |a Children's stories 
650 0 |a Graphic novels 
700 1 |a Brevard 
999 |a 00384810   |b BUKU   |c PINJAMAN   |e PERPUSTAKAAN KOMUNITI PETALING JAYA